LEADER 01407nam a2200325 a 4500 001 000000128064 003 CaOOAMICUS 005 20120316112517.0 008 120316s2010 it a u000 u ita r 020 $a978-88-7402-644-9 040 $aPUL$bita 082 04$a158.2 100 1 $aBonafede, Fabio.$0(OLS)http://pul/name/81792 245 10$aEmpatico sarą lei! :$bper la mediazione dei conflitti e l'educazione alle relazioni /$cFabio Bonafede - Marcello Soprani. 260 $aCantalupa (To) :$bEffatą,$c2010. 300 $a110 p. :$bill. ;$c21 cm. 490 1 $aRes humanae 504 $aBibliografia in nota. 650 4$aPsicologia sociale.$0(OLS)http://pul/subject/4383 650 4$aRelazioni interpersonali.$0(OLS)http://pul/subject/7816 700 1 $aSoprani, Marcello.$0(OLS)http://pul/name/81793 830 0$aRes humanae.$0(OLS)http://pul/title/119480 850 $aPUL 852 $aPUL$W1$xSL Filosofia 3$y81$m158. 2 BONFA 1$j148228$qDDC 21$B146830$CPULBib$Z2$F146830 $H118498 $82 941 1 $a9 996 $6020$a978-88-7402-644-9$9(OLS)http://pul/number/149228 996 $6082$a158.2$9(OLS)http://pul/classification/2165 996 $6245$aEmpatico sarą lei! :$bper la mediazione dei conflitti e l'educazione alle relazioni$9(OLS)http://pul/title/161828 996 $6260$aCantalupa (To) :$bEffatą$9(OLS)http://pul/publisher/68547 LEADER 01374nam a2200325 u 4500 001 000000067526 003 CaOOAMICUS 005 20070226121710.0 008 020212s1994 it u000 u ita u 020 $a8810205537 035 $a10920345 040 $aPUL(R)$bita 041 1 $aita$heng 245 00$aDizionario del movimento ecumenico /$ca cura di Nicholas Lossky ... [et al.] ; edizione italiana a cura di Giovanni Cereti, Alfio Filippi, Luigi Sartori. 260 $aBologna :$bDehoniane,$c1994. 300 $axvi, 1282 p. ;$c24 cm 500 $aContiene indici. 500 $aTesto su due colonne. 504 $aComprende indicazioni bibliografiche. 650 4$aEcumenismo$xDizionari.$0(OLS)http://pul/subject/24363 700 1 $aLossky, Nicholas Vladimir.$0(OLS)http://pul/name/45098 700 1 $aSartori, Luigi.$0(OLS)http://pul/name/397 700 1 $aFilippi, Alfio.$0(OLS)http://pul/name/33487 700 1 $aCereti, Giovanni.$0(OLS)http://pul/name/2567 850 $aPUL 852 $aPUL$W1$xSL Cons. Gen., Altre Classi 1$y1$m2010 A 5$j141195$qStampati$B146670$CPULBib$Z2$F146670 $H72382 $82 941 1 $a8 996 $6020$a8810205537$9(OLS)http://pul/number/87551 996 $6245$aDizionario del movimento ecumenico$9(OLS)http://pul/title/89493 996 $6260$aBologna :$bDehoniane$9(OLS)http://pul/publisher/48655